[Event "Forchheim op-B 13th"]
[Site "Forchheim"]
[Date "2014.10.04"]
[Round "3"]
[White "Reinfelder, Fabian"]
[Black "Kilian, Markus"]
[Result "1-0"]
[WhiteElo "1854"]
[BlackElo "2017"]
[PlyCount "133"]
[EventDate "2014.10.03"]
[EventType "swiss"]
[EventRounds "5"]
[EventCountry "GER"]
[SourceTitle "EXT 2019"]
[Source "ChessBase"]
[SourceDate "2018.10.10"]
[SourceVersion "1"]
[SourceVersionDate "2018.10.10"]
[SourceQuality "1"]

1. d4 Nf6 2. Nf3 g6 3. Bf4 Bg7 4. e3 0-0 5. Be2 d6 6. h3 Nfd7 7. c3 e5 8. dxe5 dxe5 9. Bh2 Nc6 10. Nbd2 Qe7 11. 0-0 f5 12. Bc4+ Kh8 13. Re1 Nb6 14. Bf1 Be6 15. Qc2 a5 16. a4 Rad8 17. Rad1 g5 18. Bb5 Bd7 19. Nc4 Nxc4 20. Bxc4 g4 21. hxg4 fxg4 22. Nd2 Bf5 23. Qb3 Rd6 24. Bd5 Rh6 25. Bg3 Qe8 26. Nf1 Qg6 27. Qxb7 Rb8 28. Qxc7 Rc8 29. Qf7 Qxf7 30. Bxf7 Bc2 31. Ra1 Rb8 32. Re2 Bd3 33. Rd2 Ba6 34. Nh2 Bc8 35. Rad1 Bf5 36. Bd5 Ne7 37. e4 Bd7 38. Bf7 Be8 39. Bxe8 Rxe8 40. Rd8 Rg8 41. Rxg8+ Kxg8 42. Rd8+ Kf7 43. Nxg4 Re6 44. Kf1 h5 45. Ne3 Bf6 46. Nd5 h4 47. Bh2 Bg5 48. Rb8 Nc6 49. Rb7+ Kg6 50. Ke2 Kh5 51. Ne3 Rg6 52. Rh7+ Bh6 53. f4 exf4 54. Bxf4 Nd8 55. Kf3 Ne6 56. Rxh6+ Rxh6 57. Bxh6 Kxh6 58. Nc4 Nc5 59. Kg4 Nxe4 60. Kxh4 Nc5 61. Nxa5 Nxa4 62. Nc4 Kg6 63. Kg4 Kf6 64. Kf4 Ke6 65. g4 Kd5 66. Ne3+ Ke6 67. Nd1 1-0

[Event "Forchheim op-B 13th"]
[Site "Forchheim"]
[Date "2014.10.03"]
[Round "1"]
[White "Reinfelder, Fabian"]
[Black "Weidenhoefer, Robert"]
[Result "1/2-1/2"]
[WhiteElo "1854"]
[BlackElo "1771"]
[PlyCount "82"]
[EventDate "2014.10.03"]
[EventType "swiss"]
[EventRounds "5"]
[EventCountry "GER"]
[SourceTitle "EXT 2019"]
[Source "ChessBase"]
[SourceDate "2018.10.10"]
[SourceVersion "1"]
[SourceVersionDate "2018.10.10"]
[SourceQuality "1"]

1. b4 b6 2. Bb2 Bb7 3. e3 e6 4. Nf3 Nf6 5. b5 c5 6. Be2 d5 7. c4 dxc4 8. Bxc4 Be7 9. 0-0 0-0 10. a4 a6 11. d4 axb5 12. axb5 Nbd7 13. Nbd2 Ne4 14. Qb3 cxd4 15. Bxd4 Ndc5 16. Qb2 Bf6 17. Rxa8 Bxa8 18. Nxe4 Bxd4 19. Nxd4 Bxe4 20. Ra1 Qc7 21. Qa2 Qb7 22. f3 Ra8 23. Qxa8+ Qxa8 24. Rxa8+ Bxa8 25. Kf2 Kf8 26. e4 Ke8 27. Ke3 Na4 28. h4 g6 29. Kf4 h6 30. g4 Ke7 31. g5 h5 32. e5 Nc5 33. Ke3 Bb7 34. Be2 Bd5 35. Nc2 Kd7 36. f4 Bb7 37. Na3 Bd5 38. Bc4 Ke7 39. Kd4 Bb7 40. Nc2 Kd7 41. Nb4 Kc7 1/2-1/2

[Event "GER-ch U25 op-A"]
[Site "Oberhof"]
[Date "2013.05.25"]
[Round "9"]
[White "Valet, Alexander"]
[Black "Reinfelder, Fabian"]
[Result "0-1"]
[WhiteElo "1910"]
[BlackElo "1498"]
[PlyCount "88"]
[EventDate "2013.05.19"]
[EventType "swiss"]
[EventRounds "9"]
[EventCountry "GER"]
[SourceTitle "CBM 154 Extra"]
[Source "ChessBase"]
[SourceDate "2013.06.25"]
[SourceVersion "2"]
[SourceVersionDate "2013.06.25"]
[SourceQuality "1"]

1. e4 c6 2. d4 d5 3. Nc3 dxe4 4. Nxe4 Bf5 5. Ng3 Bg6 6. Nf3 Nd7 7. h4 h6 8. Bd3 Bxd3 9. Qxd3 e6 10. Bf4 Qa5+ 11. c3 Qb6 12. b4 Ngf6 13. Ne4 Nxe4 14. Qxe4 Nf6 15. Qd3 Be7 16. 0-0 0-0 17. Ne5 Rfd8 18. a4 a5 19. Nc4 Qa6 20. Bc7 Re8 21. Bxa5 Nd5 22. Rab1 Nf4 23. Qf3 Qxc4 24. Qxf4 Qxc3 25. g3 Bd8 26. Bxd8 Rexd8 27. Qc7 Rxd4 28. Qxb7 Rxa4 29. Rfc1 Qf3 30. Rxc6 Qf5 31. Rcc1 Rd2 32. Qg2 Raa2 33. Rc8+ Kh7 34. Rf1 Rab2 35. Rc4 Rd3 36. Rf4 Qg6 37. Rc1 Rdb3 38. Rc7 f6 39. Qb7 Rxg3+ 40. Kh2 e5 41. Rxf6 Qxf6 42. Kxg3 Qxf2+ 43. Kg4 Qf4+ 44. Kh3 Rh2# 0-1

[Event "GER-ch U25 op-A"]
[Site "Oberhof"]
[Date "2013.05.21"]
[Round "5"]
[White "Herbrig, Marie Helen"]
[Black "Reinfelder, Fabian"]
[Result "0-1"]
[WhiteElo "1762"]
[BlackElo "1498"]
[PlyCount "124"]
[EventDate "2013.05.19"]
[EventType "swiss"]
[EventRounds "9"]
[EventCountry "GER"]
[SourceTitle "CBM 154 Extra"]
[Source "ChessBase"]
[SourceDate "2013.06.25"]
[SourceVersion "2"]
[SourceVersionDate "2013.06.25"]
[SourceQuality "1"]

1. e4 c6 2. d4 d5 3. Nc3 dxe4 4. Nxe4 Bf5 5. Ng3 Bg6 6. Nf3 Nd7 7. h4 h6 8. h5 Bh7 9. Bd3 Bxd3 10. Qxd3 e6 11. Bd2 Ngf6 12. Ne4 Nxe4 13. Qxe4 Nf6 14. Qe2 Qb6 15. 0-0-0 c5 16. Qc4 Bd6 17. Be3 Ng4 18. Rhf1 Nxe3 19. fxe3 cxd4 20. Nxd4 0-0 21. Rf3 Rac8 22. Qd3 Be5 23. Qe4 Bxd4 24. exd4 Qa5 25. Ra3 Qb6 26. Rdd3 Rfd8 27. Qg4 Rd5 28. Rab3 Qc7 29. Rdc3 Qd7 30. Rd3 Rc4 31. c3 a5 32. Kd2 b5 33. a3 a4 34. Rb4 Rxb4 35. axb4 Rg5 36. Qf3 Qd5 37. Qxd5 exd5 38. g3 Rxh5 39. Re3 Kf8 40. Re2 Rg5 41. Re3 Rg6 42. Rf3 Ke7 43. Ke2 Re6+ 44. Kd2 g6 45. Rf2 Re4 46. Rf1 Ke6 47. Kd3 f5 48. Rf3 h5 49. Rf2 Kf6 50. Kc2 Kg5 51. b3 axb3+ 52. Kxb3 Re3 53. Rg2 Kg4 54. Ra2 Kxg3 55. Ra5 h4 56. Rxb5 h3 57. Rb6 g5 58. Rh6 h2 59. b5 Re1 60. b6 h1Q 61. Rxh1 Rxh1 62. b7 Rb1+ 0-1

[Event "GER-ch U25 op-A"]
[Site "Oberhof"]
[Date "2013.05.21"]
[Round "4"]
[White "Reinfelder, Fabian"]
[Black "Usczeck, Lukas"]
[Result "1/2-1/2"]
[WhiteElo "1498"]
[BlackElo "1794"]
[PlyCount "24"]
[EventDate "2013.05.19"]
[EventType "swiss"]
[EventRounds "9"]
[EventCountry "GER"]
[SourceTitle "CBM 154 Extra"]
[Source "ChessBase"]
[SourceDate "2013.06.25"]
[SourceVersion "2"]
[SourceVersionDate "2013.06.25"]
[SourceQuality "1"]

1. d4 Nf6 2. Bf4 c5 3. e3 cxd4 4. exd4 Qb6 5. Nc3 Qxb2 6. Nb5 Nd5 7. a3 a6 8. Rb1 Qa2 9. Ra1 Qb2 10. Rb1 Qa2 11. Ra1 Qb2 12. Rb1 Qa2 1/2-1/2

[Event "Wittelsbach op 1st"]
[Site "Kelheim"]
[Date "2012.12.28"]
[Round "4"]
[White "Miethaner, Ulrich"]
[Black "Reinfelder, Fabian"]
[Result "1-0"]
[WhiteElo "1720"]
[BlackElo "1433"]
[PlyCount "75"]
[EventDate "2012.12.26"]
[EventType "swiss"]
[EventRounds "7"]
[EventCountry "GER"]
[SourceTitle "EXT 2014"]
[Source "ChessBase"]
[SourceDate "2013.11.20"]
[SourceVersion "1"]
[SourceVersionDate "2013.11.20"]
[SourceQuality "1"]

1. d4 Nf6 2. Nc3 d5 3. Bg5 e6 4. Nf3 Bb4 5. Qd3 Bxc3+ 6. bxc3 Nbd7 7. c4 dxc4 8. Qxc4 c6 9. e4 Qa5+ 10. Bd2 Qc7 11. Bd3 0-0 12. 0-0 b5 13. Qb3 Bb7 14. e5 Nd5 15. Bxh7+ Kxh7 16. Ng5+ Kg8 17. Qh3 N7f6 18. exf6 Nxf6 19. Rfe1 Qd6 20. Re4 Rfe8 21. Rh4 Kf8 22. Re1 Ke7 23. Nf3 c5 24. dxc5 Qc7 25. c6 Bxc6 26. Bb4+ Kd8 27. Ne5 Bd5 28. Qa3 a5 29. Bd6 Qb6 30. Nxf7+ Kc8 31. Bg3 b4 32. Qb2 Kd7 33. Rd1 Ke7 34. Ne5 Rad8 35. Rhd4 Be4 36. Nc4 Rxd4 37. Rxd4 Kf7 38. Nxb6 1-0

[Event "Regionalliga NO 1213"]
[Site "Bayern"]
[Date "2012.11.11"]
[Round "2.8"]
[White "Killmann, Reinmar"]
[Black "Reinfelder, Fabian"]
[Result "1/2-1/2"]
[WhiteElo "1777"]
[BlackElo "1611"]
[PlyCount "96"]
[EventDate "2012.10.14"]
[EventType "team-tourn"]
[EventRounds "9"]
[EventCountry "GER"]
[SourceTitle "EXT 2015"]
[Source "ChessBase"]
[SourceDate "2014.11.20"]
[SourceVersion "1"]
[SourceVersionDate "2014.11.20"]
[SourceQuality "1"]
[WhiteTeam "Forchheim II"]
[BlackTeam "Amberg Siemens"]
[WhiteTeamCountry "GER"]
[BlackTeamCountry "GER"]

1. e4 c6 2. d4 d5 3. Nc3 dxe4 4. Nxe4 Bf5 5. Ng3 Bg6 6. Nf3 Nd7 7. Bd3 Bxd3 8. Qxd3 e6 9. 0-0 Ngf6 10. Bg5 Qc7 11. c4 h6 12. Be3 Be7 13. a3 0-0 14. b4 Rfd8 15. Rfd1 Rac8 16. Rac1 Ng4 17. Ne2 Nxe3 18. fxe3 Nf6 19. Ng3 c5 20. bxc5 Bxc5 21. Qb3 Qb6 22. Qxb6 Bxb6 23. h3 Bc7 24. Kf2 b6 25. Nf1 Ne4+ 26. Ke2 Ng3+ 27. Nxg3 Bxg3 28. a4 Kf8 29. Nd2 Ke7 30. Ne4 Bb8 31. Kf3 f5 32. Nf2 e5 33. d5 e4+ 34. Ke2 h5 35. Rd2 Bd6 36. Nd1 Ba3 37. Nb2 Rc5 38. Rdc2 Rdc8 39. Rb1 Bxb2 40. Rbxb2 Rxc4 41. Rxc4 Rxc4 42. a5 Kd6 43. axb6 axb6 44. Rxb6+ Kxd5 45. Rg6 Rc7 46. Rg5 Ke5 47. Rxh5 Rc2+ 48. Kf1 Kf6 1/2-1/2

[Event "Regionalliga NO 1213"]
[Site "Bayern"]
[Date "2012.10.14"]
[Round "1.8"]
[White "Reinfelder, Fabian"]
[Black "Scharf, Daniel"]
[Result "0-1"]
[WhiteElo "1611"]
[BlackElo "1676"]
[PlyCount "94"]
[EventDate "2012.10.14"]
[EventType "team-tourn"]
[EventRounds "9"]
[EventCountry "GER"]
[SourceTitle "EXT 2015"]
[Source "ChessBase"]
[SourceDate "2014.11.20"]
[SourceVersion "1"]
[SourceVersionDate "2014.11.20"]
[SourceQuality "1"]
[WhiteTeam "Amberg Siemens"]
[BlackTeam "Schwandorf"]
[WhiteTeamCountry "GER"]
[BlackTeamCountry "GER"]

1. d4 d5 2. Bf4 Nf6 3. Nf3 Bf5 4. e3 e6 5. c3 Nbd7 6. Bd3 Bxd3 7. Qxd3 c5 8. h3 Qb6 9. Qc2 Bd6 10. Bxd6 Qxd6 11. Nbd2 0-0 12. 0-0 Rfc8 13. Rfe1 cxd4 14. exd4 Nb6 15. Ne5 Nfd7 16. Ndf3 Nxe5 17. Nxe5 Nc4 18. f4 Nxe5 19. dxe5 Qc5+ 20. Qf2 Qxf2+ 21. Kxf2 Rc4 22. Kf3 b5 23. a3 Rac8 24. Rad1 Kf8 25. g4 R8c6 26. h4 Ra4 27. Rd4 Rxd4 28. cxd4 Rc2 29. Re2 Rxe2 30. Kxe2 a5 31. b4 axb4 32. axb4 f6 33. Kf3 fxe5 34. fxe5 Kf7 35. Kf4 Kg6 36. Kg3 h5 37. Kf4 Kh6 38. Kg3 Kg6 39. Kf4 Kh6 40. Kg3 Kg6 41. Kf4 hxg4 42. Kxg4 Kh6 43. Kh3 Kh5 44. Kg3 g5 45. hxg5 Kxg5 46. Kf3 Kf5 47. Ke3 Kg4 0-1